| 000 | 01103cam a2200301 4500 | ||
|---|---|---|---|
| 001 | 74307 | ||
| 003 | BD-RjUL | ||
| 005 | 20211209082532.0 | ||
| 008 | 700430s1969 mdua b 001 0 eng | ||
| 020 | _a0443006393 | ||
| 035 | _a(BD-RjUL) | ||
| 040 |
_aDLC _cDLC _dDLC _beng |
||
| 041 | _aeng | ||
| 082 | 0 | 0 |
_a618.92/01 _223 _bCAR 1962 |
| 100 | 1 |
_aCraig, W. S. _q(William Stuart), _d1903-1975. _9221583 |
|
| 245 | 1 | 0 |
_aCare of the newly born infant, _cby W. S. Craig, in collaboration with D. M. Morgan and M. Pattullo. With a chapter on mothercraft contributed by M. J. W. Taylor. |
| 250 | _a4th ed. | ||
| 260 |
_aBaltimore, _bWilliams and Wilkins, _c1969. |
||
| 300 |
_axiii, 749 p. _billus. (part col.) _c22 cm. |
||
| 500 | _aFirst published in 1955 under title: Nursing care of the newly born infant. | ||
| 504 | _aIncludes bibliographies. | ||
| 650 | 0 |
_aNewborn infants _9221584 |
|
| 700 | 1 |
_aMorgan, D. M. _q(David Martyn), _ejoint author. _9221585 |
|
| 700 | 1 |
_aPattullo, M., _ejoint author. _9221586 |
|
| 942 |
_2ddc _cBK |
||
| 999 |
_c74307 _d74307 |
||